000 00973nam a2200253 a 4500
001 84054
003 BD-RjUL
005 20241001100908.0
008 241001s2002 bg a|||| m||| 00| 0 eng d
035 _a(BD-RjUL)84054
040 _aBD-RjUL
_beng
_cBD-RjUL
_dBD-RjUL
041 _aeng
082 _223
_a915.4924
_bREF 2002
100 _aRefakatullah, Md.
_913639
245 1 0 _aFarm size, Land Tenure and Landuse in Puthia Thana :
_bGeographical Analysis /
_cBy Md. Refakatullah ;
_6Supervisor : Jafar Reza Khan, Supervisor : Md. Zahidul Hassan
260 _aRajshahi :
_bDepartment of Geogoraphy, University of Rajshahi,
_c2002
300 _axi, 229 Leaves :
_bill, ;
_c29 cm.
502 _aThesis (M. Phil.) -- Department of Geogoraphy, University of Rajshahi, 2002
504 _aReferences : Leaves 185-193
650 _aGeogoraphy
_vFarm size
_913640
700 _aKhan, Jafar Reza, Supervisor
700 _aHassan, Md. Zahidul, Supervisor
_91563
942 _2ddc
_cTHE
999 _c84054
_d84054